| 000 | 01142nam a2200301Ia 4500 | ||
|---|---|---|---|
| 001 | 21850 | ||
| 003 | IT-RoPAU | ||
| 008 | 130308s9999 xx 000 0 und d | ||
| 040 | _aIT-RoPAU | ||
| 040 | _cIT-RoPAU | ||
| 041 | _aITALIANO | ||
| 100 | _aRicheri Giuseppe | ||
| 100 | _gCodice Aut. SPICS: 2060 | ||
| 245 | _aUniverso telematico (L')-Il lavoro e la cultura del prossimo domani | ||
| 245 | _bUniverso telematico (L')-Il Lavoro e la Cultura del prossimo Domani | ||
| 250 | _a1a ed. | ||
| 260 | _aBARI | ||
| 260 | _bDe Donato | ||
| 260 | _c1982 [1° Ed.:1982 - Ed.Ling.Originale:1982] | ||
| 300 | _a"132 p. (prefazione: no ; testo: 132)" | ||
| 500 | _aTecnologie dell'informazione e Trasformazione della Società . telematica tra Tempo di Lavoro e Tempo Libero. Alcune Sperimentazioni di telematica Domestica. Nuovi Media Processi Culturali e Vecchi Squilibri. telematica Fra Giscard e Mitterand. circolazione telematica dei Dati: Problemi nazionali e Internazionali. | ||
| 650 | _aSAGGI SULLA MULTIMEDIALITA' | ||
| 650 | _eCodice materia Spics: 4257 | ||
| 942 | _cBK | ||
| 957 | _71 | ||
| 999 |
_c68261 _d68261 |
||
| 999 | _bSI | ||
| 999 | _g1 | ||